Protein engineering handbook / (رقم التسجيلة. 133904)

تفاصيل مارك
000 -LEADER
fixed length control field 01189cam a22003255i 4500
008 - FIXED-LENGTH DATA ELEMENTS--GENERAL INFORMATION
fixed length control field 130506m2006 gw a b 001 0 eng
010 ## - LIBRARY OF CONGRESS CONTROL NUMBER
LC control number 2012554201
020 ## - INTERNATIONAL STANDARD BOOK NUMBER
International Standard Book Number 352731850X (v. 1 and 2 : set)
020 ## - INTERNATIONAL STANDARD BOOK NUMBER
International Standard Book Number 3527331239 (v. 3)
020 ## - INTERNATIONAL STANDARD BOOK NUMBER
International Standard Book Number 9783527318506 (v. 1 and 2 : set)
020 ## - INTERNATIONAL STANDARD BOOK NUMBER
International Standard Book Number 9783527331239 (v. 3)
020 ## - INTERNATIONAL STANDARD BOOK NUMBER
Canceled/invalid ISBN 9783527666997 (v. 3 : ePDF)
040 ## - CATALOGING SOURCE
Original cataloging agency DLC
Language of cataloging eng
Transcribing agency DLC
Description conventions rda
092 04 - LOCALLY ASSIGNED DEWEY CALL NUMBER (OCLC)
Classification number 572.6
Item number P9674
Edition number 21
099 ## - LOCAL FREE-TEXT CALL NUMBER (OCLC)
Classification number 04
-- 572.6 P9674
245 00 - TITLE STATEMENT
Title Protein engineering handbook /
Statement of responsibility, etc. edited by Stefan Lutz and Uwe T. Bornscheuer.
260 ## - PUBLICATION, DISTRIBUTION, ETC.
Place of publication, distribution, etc. Weinheim :
Name of publisher, distributor, etc. Wiley-VCH,
Date of publication, distribution, etc. c2006.
300 ## - PHYSICAL DESCRIPTION
Extent 2 v. :
Other physical details ill. (some col.) ;
Dimensions 25 cm.
504 ## - BIBLIOGRAPHY, ETC. NOTE
Bibliography, etc. note Includes bibliographical references and index.
505 1# - FORMATTED CONTENTS NOTE
Formatted contents note Vol. 3: "The content is chosen to complement and extend the previously published two-volume handbook by the same editors"--Back cover.
590 ## - LOCAL NOTE (RLIN)
Local note Library has v. 1 - 2 only.
650 #0 - SUBJECT ADDED ENTRY--TOPICAL TERM
Topical term or geographic name entry element Protein engineering.
700 1# - ADDED ENTRY--PERSONAL NAME
Personal name Bornscheuer, U. T.
Fuller form of name (Uwe Theo),
Dates associated with a name 1964-
700 1# - ADDED ENTRY--PERSONAL NAME
Personal name Lutz, Stefan
Titles and other words associated with a name (Professor)
902 ## - LOCAL DATA ELEMENT B, LDB (RLIN)
No. of Items 1
905 ## - LOCAL DATA ELEMENT E, LDE (RLIN)
Cataloger Jamal
Reviser Cat.
905 ## - LOCAL DATA ELEMENT E, LDE (RLIN)
Cataloger Reda
Reviser Rev.
942 ## - ADDED ENTRY ELEMENTS (KOHA)
Source of classification or shelving scheme Dewey Decimal Classification
Koha item type Books
المقتنيات
Source of classification or shelving scheme Not for loan Home library Current library Date acquired Full call number Barcode Date last seen Copy number Koha item type
Dewey Decimal Classification   المكتبة المركزبة الجديدة - جامعة القاهرة قاعة الكتب - الدور الثاني 11.02.2024 572.6 P9674 01000110198409001 23.09.2023 v.1 C.1 Books
Dewey Decimal Classification   المكتبة المركزبة الجديدة - جامعة القاهرة قاعة الكتب - الدور الثاني 11.02.2024 572.6 P9674 01000110198409002 23.09.2023 v.2 C.1 Books
Cairo University Libraries Portal Implemented & Customized by: Eng. M. Mohamady Contacts: new-lib@cl.cu.edu.eg | cnul@cl.cu.edu.eg
CUCL logo CNUL logo
© All rights reserved — Cairo University Libraries
CUCL logo
Implemented & Customized by: Eng. M. Mohamady Contact: new-lib@cl.cu.edu.eg © All rights reserved — New Central Library
CNUL logo
Implemented & Customized by: Eng. M. Mohamady Contact: cnul@cl.cu.edu.eg © All rights reserved — Cairo National University Library